| 000 | 00447 a2200133 4500 | ||
|---|---|---|---|
| 003 | Nust | ||
| 005 | 20170207163755.0 | ||
| 040 | _cNust | ||
| 082 | _a799 | ||
| 245 |
_aGuest Speaker Dr Norman Reid (Two Session) and Meet with Comdt MCS,Photographs-2014 _cMCS |
||
| 260 |
_aRawalpindi _bMCS _c20-01-2014 |
||
| 650 | _aPictures of Guest Speaker Dr Norman Reid (Two Session) and Meet with Comdt MCS.Photographs-2014,(CD No. 24 Vol.I) | ||
| 651 | _aSweet Memories-MCS | ||
| 942 | _cBK | ||
| 999 |
_c208125 _d208125 |
||